000 00506nam a2200157 a 4500
001 000028525
005 20200930055006.0
008 110408s1975 dr 000 0 spa d
040 _aDO-SdBNP
_bspa
_cBNPHU
082 _axxx
_bE77m
100 1 _aEspinal, Andrés Julio,
_913084
245 1 0 _aMemorandum :
_bsobre acontecimientos políticos dominicanos /
_cAndrés Julio Espinal.
250 _a2a ed. corr., aum. y actualizada
260 _aSanto Domingo :
_bNuevo Domingo,
_c1975.
300 _a80 p. ;
_c21 cm.
999 _c28017
_d28017